00655nam a2200169Ia 450000500170000000800410001702000180005808200130007610000140008924500240010326000400012730000130016750001890018094200060036995200950037599900150047020241106003409.0240331s9999 xx 000 0 und d a9780140282115 bGOKa823 aGokhale,N 4aThe Book of Shadows aNew YorkbPenguin books Indiac1999 a232 p ., aThe Book of shadows is an ambitious book that explores the nature of reality, Love and faith . it is a work of startling originality by one of India's most daring and talented writers. cL 001040708LaWERCLbWERCLcSSCd2024-03-31l0o 823 GOKp6736r2024-03-31w2024-03-31yL c5688d5688